000 00784nam a22002057a 4500
003 LK-CoDNM
005 20241114150233.0
008 241015b |||||||| |||| 00| 0 eng d
040 _aLK-CoDNM
_dLK-CoDNM
_eLK-CoDNM
041 _asin
080 _aප්‍ර.ශ
_b57
245 _aශ්‍රී ලංකා ශ්‍රී සඞර්‍මොදය-1921
_b1 කාණ්ඩය 10,11 කලාපය
260 _aකොළඹ
_bශ්‍රී භාරතී යන්ත්‍රාලය
_c1921
300 _b32p. ; 16 cm
650 _aශ්‍රී ලංකා ශ්‍රී සඞර්‍මොදය-1921
650 _a1 කාණ්ඩය 10,11 කලාපය
650 _aමාසික සගරාව
650 _aප්‍ර.ශ 57
942 _cBK
999 _c229965
_d229965